000 01566nam a2200169Ia 4500
999 _c9403
_d9403
020 _a9788131609118
082 _a362.10954558
_bSAN-H
100 _aSangwan, Ramesh Kumar
245 0 _aHealth, Human Rights and Ethics
_b: A Sociological Study in Hospital Setting
260 _aJaipur
_bRawat Publications
_c2017
300 _axii, 206p
520 _aThe survival and evolution of the human race is linked with the health of individuals and the population at large. All over the world, the concepts of the right to health and medical ethics have recently emerged from the ever-growing consciousness about the dignity of human life. The right to health and health care are the new aspirations of the people. Health rights are exercised by people who use health services, and medical ethics are reflected in the professional performance of doctors while delivering health services. Since patients are becoming increasingly aware of their health rights, doctors have to be conversant with basic ethical issues involved in medical practice. This book offers the most incisive, compelling analysis of the rights and ethics of health care in different hospital settings. It analyzes the concepts of rights and ethics in both private and government hospital settings. Health, Human Rights and Ethics will be of interest to anthropologists, sociologists, historians, legal experts, public and private health practitioners, and policy makers.
650 _aSocial
_vRights Human
650 _aEconomic
_vStudy
650 _aMedical Policy
_vEco System Health
942 _cBK
_2ddc